LEADER 00776nam0-22002891i-450- 001 990007993260403321 005 20050127120804.0 035 $a000799326 035 $aFED01000799326 035 $a(Aleph)000799326FED01 035 $a000799326 100 $a20050127d1950----km-y0itay50------ba 101 0 $aeng 102 $aGB 105 $ay---n---001yy 200 1 $aInternational law and human rights 210 $aLondon$cStevens & Sons$d1950 215 $aXVI, 475 p.$d25 cm 676 $a341.48/1 700 1$aLauterpacht,$bHersch$f<1897-1960>$0294920 801 0$aIT$bUNINA$gRICA$2UNIMARC 901 $aBK 912 $a990007993260403321 952 $aX H 12$b31647$fFGBC 959 $aFGBC 996 $aInternational law and human rights$9724030 997 $aUNINA LEADER 02944nas0 22003493i 450 001 PUV0076314 005 20231121125608.0 011 $a0213-0181 017 70$aP 00122865$2P 100 $a20010405b19832017||||0itac50 ba 101 | $aspa 102 $aes 110 $aazu|||||||| 181 1$6z01$ai $bxxxe 182 1$6z01$an 200 1 $aGerion 207 0$a1 (1983)-35(2017) 210 $aMadrid$cFacultad de geografia e historia, Universidad Complutense de Madrid$d1983-2017 215 $avolumi$d24 cm 300 $aAnnuale 606 $aStoria antica$xPeriodici$2FIR$3RMLC007081$9I 676 $a930$9Storia del mondo antico fino al 499 ca.$v21 801 3$aIT$bIT-01$c20010405 850 $aIT-RM0418 $aIT-RM0285 $aIT-FR0017 899 $aBIBLIOTECA ACCADEMIA NAZ. DEI LINCEI E CORSINIANA$bRM0418 $41983;1985-1986;1988-2010; lac.: 1984;1987;$eN 899 $aBiblioteca Dell'Istituto Nazionale Di Studi Romani$bRM0285 899 $aBiblioteca umanistica Giorgio Aprea$bFR0017 912 $aPUV0076314 950 0$aBiblioteca umanistica Giorgio Aprea$cVol. 20, n. 2 (2002)$d 52PER.STR. 125a$e 52VP 0000078915 VP Inventario:25293FLS Descr.Fascicoli:Vol. 20, n. 2 (2002)$fC $h20040615$i20121204$cVol. 20, n. 1 (2002)$d 52PER.STR. 125a$e 52VP 0000078905 VP Inventario:23807FLS Descr.Fascicoli:Vol. 20, n. 1 (2002)$fC $h20040615$i20121204$cN. 19 (2001)$d 52PER.STR. 125a$e 52VP 0000078895 VP Inventario:23806FLS Descr.Fascicoli:N. 19 (2001)$fC $h20040615$i20121204$cN. 18 (2000)$d 52PER.STR. 125a$e 52VP 0000078885 VP Inventario:23725FLS Descr.Fascicoli:N. 18 (2000)$fC $h20040615$i20121204$cN. 15 (1997)$d 52PER.STR. 125a$e 52VP 0000078875 VP Inventario:2072FLS Descr.Fascicoli:N. 15 (1997)$fC $h20040615$i20121204$cN. 16 (1998)$d 52PER.STR. 125a$e 52VP 0000078865 VP Inventario:2071FLS Descr.Fascicoli:N. 16 (1998)$fC $h20040615$i20121204$cN. 12 (1994)$d 52PER.STR. 125a$e 52VP 0000078855 VP Inventario:2070FLS Descr.Fascicoli:N. 12 (1994)$fC $h20040615$i20121204$cN. 18 (2000)$d 52PER.STR. 125a$e 52VP 0000078845 VP Inventario:19407FLS Descr.Fascicoli:N. 18 (2000)$fC $h20040615$i20121204$cN. 17 (1999)Vol. 17 2 fascicoli$d 52PER.STR. 125a$e 52VP 0000078835 VP Inventario:19406FLS Descr.Fascicoli:N. 17 (1999)Vol. 17 2 fascicoli$fC $h20040615$i20121204$cN. 15 (1997)$d 52PER.STR. 125a$e 52VP 0000078825 VP Inventario:19405FLS Descr.Fascicoli:N. 15 (1997)$fC $h20040615$i20121204$cN. 13 (1995)$d 52PER.STR. 125a$e 52VP 0000078815 VP Inventario:19404FLS Descr.Fascicoli:N. 13 (1995)$fC $h20040615$i20121204 977 $a 10$a 13$a 52 996 $aGerión$9795875 997 $aUNICAS